000 00703nam a2200289Ia 4500
005 20260324143307.0
008 008 260324s9999 xx 000 0 eng d
020 _a9780203052587
037 _aEBOOK
040 _aCRL
040 _beng
040 _cCRL
041 _2eng
041 _aeng
084 _qCRL
100 _aVirginia P. Richmond; James C. McCroskey
_91215115
245 0 _aPower in the Classroom
245 0 _bCommunication, Control, and Concern
260 _bTaylor and Francis
260 _c1992
365 _a
365 _b230
856 _uhttp://www.taylorfrancis.com/books/9780203052587
942 _cEBOOK
999 _c1820312
_d1820312